Punti del Poker - Statistics

Statistiche generali
  • Questo quiz è stato fatto 22 volte
    16 dall'ultimo reset
  • Il punteggio medio è 5 su 9
Statistiche sulle risposte
Punti % Corretto
Scala a calore
100%
Poker
69%
Full
62%
Tris
46%
Colore
38%
Doppia Coppia
38%
Scala
38%
Carta alta
31%
Coppia
31%
Nessun quiz corrispondente trovato
Distribuzione punteggi
Percentuale di utenti per punteggio
Percentile per numero di risposta
I tuoi punteggi nel tempo
Non hai fatto questo quiz dall'ultimo reset